| 000 | 00578nam a22001817a 4500 | ||
|---|---|---|---|
| 003 | OSt | ||
| 005 | 20250730062356.0 | ||
| 008 | 250730b |||||||| |||| 00| 0 eng d | ||
| 020 | _a 1557989303 | ||
| 040 |
_aDWCL-Main lib _cOC |
||
| 082 | _aCirc. 158 F628 2003 | ||
| 245 |
_a Flourishing : _bpositive psychology and the life well-lived/ |
||
| 250 | _aFirst edition | ||
| 260 |
_aWashington, DC : _bAmerican Psychological Association, _cc2003. |
||
| 300 |
_axx, 335 pages : _c25 cm. |
||
| 650 | _a1. Psychology--Congresses. | ||
| 942 |
_2ddc _cBK-CIRC _eFirst edition _kCirc. _n0 |
||
| 999 |
_c3904 _d3904 |
||